000 00579nam a2200181Ia 4500
008 100921s9999 xx 000 0 und d
082 _b20306
_a891.463 थ 86
100 _aमंगेशकर गीता.
245 _aजीवनचक्र.
260 _bबांदोडकर प्रकाशन, गोवा.
_c1986
300 _a254
_b---
365 _b65
520 _aललित-कादंबरी.
630 _aजीवनचक्र.
650 _aललित-कादंबरी.
730 _aजीवनचक्र.
942 _cBOOK
999 _c769419
_d769416